[Event "World Senior Teams +65"]
[Site "Radebeul GER"]
[Date "2016.07.04"]
[Round "9.2"]
[Board "3"]
[White "Karasev, Vladimir I"]
[Black "Gundersen, Helge"]
[Result "1-0"]
[WhiteTitle "IM"]
[WhiteElo "2347"]
[BlackElo "2144"]
[WhiteTeam "Sankt-Petersburg"]
[BlackTeam "Norway 1"]
[WhiteFideId "4103971"]
[BlackFideId "1500465"]
[EventDate "2016.06.26"]

1. Nf3 e6 2. c4 f5 3. g3 Nf6 4. Bg2 Be7 5. Nc3 O-O 6. O-O d6 7. d4 a5 8. Qc2 Nc6
9. e4 fxe4 10. Nxe4 e5 11. dxe5 dxe5 12. Nxf6+ Bxf6 13. Qe4 Qd7 14. Ng5 g6 15.
Qd5+ Kg7 16. Qxd7+ Bxd7 17. Bxc6 bxc6 18. Ne4 Bf5 19. Re1 Rfd8 20. Nxf6 Kxf6 21.
b3 e4 22. Bf4 Rd7 23. h4 a4 24. b4 a3 25. Rab1 e3 26. Rb3 Rd2 27. Rbxe3 Rxa2 28.
Bg5+ Kf7 29. Re7+ Kg8 30. Rxc7 Rb2 31. Bf6 Rxb4 32. Rg7+ Kf8 33. Rxh7 Re8 34.
Rh8+ Kf7 35. Rhxe8 Kxf6 36. Ra8 Rxc4 37. Rxa3 Be4 38. f3 Bd5 39. Kf2 Rb4 40. g4
Rb2+ 41. Kg3 Rd2 42. g5+ 1-0

[Event "World Senior Teams +65"]
[Site "Radebeul GER"]
[Date "2016.07.04"]
[Round "9.2"]
[Board "4"]
[White "Sollid, Stein"]
[Black "Blechzin, Igor"]
[Result "0-1"]
[BlackTitle "IM"]
[WhiteElo "2014"]
[BlackElo "2349"]
[WhiteTeam "Norway 1"]
[BlackTeam "Sankt-Petersburg"]
[WhiteFideId "1503057"]
[BlackFideId "4116208"]
[EventDate "2016.06.26"]

1. e4 c5 2. Nf3 Nc6 3. d4 cxd4 4. Nxd4 g6 5. Nc3 Bg7 6. Be3 Nf6 7. Bc4 d6 8. h3
Bd7 9. O-O O-O 10. Bb3 Rc8 11. f4 Nh5 12. Nde2 Nf6 13. Ng3 Qc7 14. f5 Ne5 15.
Qd2 Nc4 16. Bxc4 Qxc4 17. Bh6 b5 18. Bxg7 Kxg7 19. Rf2 Rc5 20. Re1 Re5 21. Rf4
g5 22. Rf2 h6 23. Rfe2 b4 24. Nd1 a5 25. Nf2 Bb5 26. b3 Qc5 27. Re3 Rc8 28. Nd3
Bxd3 29. cxd3 Qc2 30. Qxc2 Rxc2 31. d4 Rb5 32. R1e2 Rc7 33. e5 dxe5 34. dxe5 Nd5
35. Nh5+ Kh7 36. Rf3 Nc3 37. Ree3 Nd5 38. Re2 Rc3 39. Rff2 Ne3 40. g4 Rxe5 41.
f6 e6 42. Rd2 Rd5 43. Rfe2 Kg6 44. Kf2 Rxd2 45. Rxd2 Nd5 46. Ng3 Nxf6 47. Re2
Nd5 48. Nh5 Rxh3 0-1

[Event "World Senior Teams +65"]
[Site "Radebeul GER"]
[Date "2016.07.04"]
[Round "9.3"]
[Board "1"]
[White "Werner, Clemens"]
[Black "Rooze, Jan"]
[Result "0-1"]
[WhiteTitle "FM"]
[BlackTitle "IM"]
[WhiteElo "2334"]
[BlackElo "2322"]
[WhiteTeam "Germany 1"]
[BlackTeam "Belgium 1"]
[WhiteFideId "4604636"]
[BlackFideId "200050"]
[EventDate "2016.06.26"]

1. e4 c5 2. c3 Nf6 3. e5 Nd5 4. Nf3 e6 5. d4 cxd4 6. cxd4 d6 7. Bc4 Be7 8. O-O
O-O 9. Bd2 dxe5 10. dxe5 b6 11. Nc3 Nxc3 12. Bxc3 Bb7 13. Qe2 Nd7 14. Rac1 Rc8
15. Rfd1 Bxf3 16. gxf3 Bg5 17. Ra1 Bf4 18. Rxd7 Qxd7 19. Ba6 Rxc3 20. bxc3 Qe7
21. Rd1 Qh4 22. Qe4 Qxh2+ 23. Kf1 Bxe5 24. c4 Bd6 25. Qg4 Bc5 26. Qg3 Qh1+ 27.
Ke2 Qh6 28. a4 Qf6 29. Qc7 Qc3 30. Bb5 a5 31. Rd8 Qc2+ 32. Rd2 Qc3 33. Rd8 Qb2+
34. Rd2 Qf6 35. Qg3 g6 36. Rd7 h5 37. Kf1 Rd8 38. Rxd8+ Qxd8 39. Qf4 Qd1+ 40.
Kg2 Qe2 41. Qg3 Kh7 42. f4 Qe4+ 43. Qf3 Qf5 44. Bc6 Bd6 45. Be4 Qxf4 46. Qxh5+
Kg7 47. Qe2 Qh2+ 48. Kf1 Qe5 49. Bc6 Qxe2+ 50. Kxe2 f5 51. Bd7 Kf6 52. Ke3 Bc5+
53. Ke2 g5 54. f3 Ke5 55. Bc8 g4 56. fxg4 fxg4 57. Bd7 g3 58. Kf3 Bf2 59. Bc8
Kd6 60. Ke2 e5 61. Bb7 Kc5 62. Kd3 Bd4 63. Bf3 Kb4 64. Bc6 Kb3 65. Ke2 Kxc4 66.
Kf3 Bf2 67. Ke2 Kd4 68. Kf3 e4+ 69. Ke2 Be3 70. Kf1 Bf4 71. Ke2 e3 72. Kf3 Kd3 0-1

[Event "World Senior Teams +65"]
[Site "Radebeul GER"]
[Date "2016.07.04"]
[Round "9.3"]
[Board "2"]
[White "Van Herck, Marcel"]
[Black "Baum, Bernd"]
[Result "1/2-1/2"]
[BlackTitle "FM"]
[WhiteElo "2155"]
[BlackElo "2237"]
[WhiteTeam "Belgium 1"]
[BlackTeam "Germany 1"]
[WhiteFideId "200344"]
[BlackFideId "4611853"]
[EventDate "2016.06.26"]

1. e4 c5 2. Nf3 Nc6 3. d4 cxd4 4. Nxd4 Nf6 5. Nc3 d6 6. Bg5 e6 7. Qd2 a6 8.
O-O-O Bd7 9. f4 h6 10. Bh4 Nxe4 11. Nxe4 Qxh4 12. Nxc6 Bxc6 13. Nxd6+ Bxd6 14.
Qxd6 Qe7 15. Qe5 O-O 16. Bd3 Rfd8 17. Rhg1 Rd5 18. Qe4 Rf5 19. Qe3 Qc5 20. Qxc5
Rxc5 21. g3 1/2-1/2

[Event "World Senior Teams +65"]
[Site "Radebeul GER"]
[Date "2016.07.04"]
[Round "9.3"]
[Board "3"]
[White "Haakert, Juergen"]
[Black "Schuermans, Robert"]
[Result "1/2-1/2"]
[WhiteTitle "FM"]
[WhiteElo "2341"]
[BlackElo "2128"]
[WhiteTeam "Germany 1"]
[BlackTeam "Belgium 1"]
[WhiteFideId "4602277"]
[BlackFideId "200263"]
[EventDate "2016.06.26"]

1. Nf3 Nc6 2. c4 e5 3. Nc3 Nf6 4. g3 Nd4 5. Bg2 Nxf3+ 6. Bxf3 Bc5 7. d3 O-O 8.
O-O h6 9. Rb1 a5 10. a3 c6 11. b4 axb4 12. axb4 Be7 13. Qb3 d6 14. b5 Bd7 15.
Bd2 Ra7 16. Ra1 Qa8 17. Qb2 Rxa1 18. Rxa1 Qc8 19. Ra7 Bd8 20. bxc6 bxc6 21. Qb4
Bc7 22. Qb7 Bb8 23. Qxc8 Rxc8 24. Rb7 Bc7 25. Kg2 Kf8 26. h3 Ke8 27. Na4 Kd8 28.
Nb6 Rb8 29. Rxb8+ Bxb8 30. Nxd7 Kxd7 31. Bb4 Ba7 32. e3 Bb6 33. Bd1 Kc7 34. Kf3
Nd7 35. Bc2 Nf8 36. Ke4 g6 37. f4 f5+ 38. Kf3 exf4 39. gxf4 Ne6 40. Bd2 Kd7 41.
Ba4 Nc5 42. Bc2 Ne6 1/2-1/2

[Event "World Senior Teams +65"]
[Site "Radebeul GER"]
[Date "2016.07.04"]
[Round "9.3"]
[Board "4"]
[White "Maes, Valeer"]
[Black "Kierzek, Matthias"]
[Result "1-0"]
[WhiteElo "2084"]
[BlackElo "2230"]
[WhiteTeam "Belgium 1"]
[BlackTeam "Germany 1"]
[WhiteFideId "201634"]
[BlackFideId "4647009"]
[EventDate "2016.06.26"]

1. d4 d5 2. Nf3 Nf6 3. Bf4 c5 4. e3 Nc6 5. c3 Qb6 6. Qb3 c4 7. Qc2 Bf5 8. Qc1 h6
9. h3 e6 10. Nbd2 Rc8 11. Be2 Be7 12. Ne5 O-O 13. O-O Rfd8 14. Bg3 Nxe5 15. Bxe5
Qc6 16. a4 b6 17. f3 a6 18. e4 dxe4 19. Nxc4 exf3 20. Rxf3 b5 21. axb5 axb5 22.
Ne3 Be4 23. Rg3 Ra8 24. Rxa8 Rxa8 25. Qf1 Ra2 26. Bxf6 Bxf6 27. Qxf6 Ra1+ 28.
Kh2 Bg6 29. Qd8+ Kh7 30. Bf3 Qa6 31. Ng4 Qa2 32. Ne5 Qb1 33. Rxg6 Qg1+ 34. Kg3
Qe1+ 35. Kh2 Qg1+ 36. Kg3 Qe1+ 37. Kg4 f5+ 38. Kh5 Ra7 39. Qf8 b4 40. Nf7 1-0

[Event "World Senior Teams +65"]
[Site "Radebeul GER"]
[Date "2016.07.04"]
[Round "9.4"]
[Board "2"]
[White "Hammar, Bengt"]
[Black "Stokes, Michael"]
[Result "1-0"]
[WhiteTitle "FM"]
[WhiteElo "2164"]
[BlackElo "2187"]
[WhiteTeam "Sweden 1"]
[BlackTeam "England 1"]
[WhiteFideId "1700391"]
[BlackFideId "442542"]
[EventDate "2016.06.26"]

1. e4 e5 2. Nf3 Nc6 3. Bb5 a6 4. Ba4 Nf6 5. O-O b5 6. Bb3 Be7 7. Re1 O-O 8. h3
Bb7 9. d3 d5 10. c3 dxe4 11. dxe4 Qxd1 12. Bxd1 Rad8 13. Bc2 Nd7 14. Nbd2 Bc5
15. b4 Be7 16. a4 h6 17. axb5 axb5 18. Nb3 Ba8 19. Be3 Nb6 20. Bc5 Na4 21. Bxe7
Nxe7 22. Re3 Ng6 23. Na5 Nb2 24. Rb1 Nc4 25. Nxc4 bxc4 26. Ra1 Bb7 27. Ra7 Rb8
28. Nd2 Ra8 29. Rxb7 Ra2 30. Nxc4 Rxc2 31. Rxc7 Ra8 32. g3 Rc1+ 33. Kg2 Raa1 34.
Nd6 Rab1 35. Rxf7 Rd1 36. Rd7 h5 37. h4 Rd2 38. Rd8+ Kh7 39. Nf7 Rc2 40. Rf3
Rcc1 41. Rf5 Ne7 42. Rh8+ Kg6 43. Nxe5# 1-0

[Event "World Senior Teams +65"]
[Site "Radebeul GER"]
[Date "2016.07.04"]
[Round "9.4"]
[Board "3"]
[White "Quinn, John M"]
[Black "Nyberg, Ulf"]
[Result "1-0"]
[WhiteElo "2152"]
[BlackElo "2161"]
[WhiteTeam "England 1"]
[BlackTeam "Sweden 1"]
[WhiteFideId "405043"]
[BlackFideId "1705083"]
[EventDate "2016.06.26"]

1. d4 e6 2. c4 Nf6 3. Nc3 Bb4 4. Qc2 Nc6 5. Nf3 d6 6. Bg5 h6 7. Bd2 O-O 8. a3
Bxc3 9. Bxc3 Qe7 10. e3 e5 11. d5 Nb8 12. h3 Nbd7 13. O-O-O Nc5 14. Nd2 a5 15.
Be2 c6 16. e4 Bd7 17. Rdg1 b5 18. dxc6 Bxc6 19. cxb5 Bxe4 20. Nxe4 Nfxe4 21. Bc4
Qb7 22. Rd1 Nxc3 23. bxc3 Rac8 24. Rxd6 Ne4 25. Bd5 Qe7 26. Rc6 Qxa3+ 27. Qb2
Rxc6 28. Bxc6 Qxc3+ 29. Qxc3 Nxc3 30. Kd2 Na4 31. Ra1 Nb6 32. Kc3 a4 33. Kb4 Rb8
34. Kc5 Kf8 35. Kd6 Rc8 36. g4 Nc4+ 37. Kc5 Nd2 38. Kb6 Nc4+ 39. Kc5 Nd2 40.
Rxa4 Ke7 41. Ra7+ Ke6 42. Kb6 Nc4+ 43. Ka6 Rb8 44. Bb7 Rd8 45. Ra8 Rd3 46. Re8+
Kf6 47. Bc6 Ra3+ 48. Kb7 Nd6+ 49. Kc7 Nxe8+ 50. Bxe8 Rf3 51. b6 Rxf2 52. b7 Rb2
53. Bc6 Kg5 54. Kd6 Kf4 55. Kc5 Rxb7 56. Bxb7 Kg3 57. Kd5 f6 58. Ke4 g6 59. Bc8
g5 60. Kf5 Kxh3 61. Bb7 Kg3 62. Be4 Kh3 63. Bf3 Kh4 64. Bd1 Kg3 65. Kxf6 Kf4 66.
Kg6 e4 67. Kxh6 Ke3 68. Kxg5 Kd2 69. Kf4 1-0

[Event "World Senior Teams +65"]
[Site "Radebeul GER"]
[Date "2016.07.04"]
[Round "9.4"]
[Board "4"]
[White "Nordstrom, Felix"]
[Black "Farrand, Julian T"]
[Result "0-1"]
[WhiteTitle "FM"]
[WhiteElo "2093"]
[BlackElo "2048"]
[WhiteTeam "Sweden 1"]
[BlackTeam "England 1"]
[WhiteFideId "1701509"]
[BlackFideId "24602469"]
[EventDate "2016.06.26"]

1. d4 d6 2. c4 f5 3. Nf3 Nf6 4. g3 g6 5. Bg2 Bg7 6. O-O O-O 7. Nc3 Nc6 8. d5 Ne5
9. Nxe5 dxe5 10. Qb3 Kh8 11. Rd1 a6 12. c5 Qe8 13. Bd2 e4 14. Bf4 c6 15. dxc6
Qxc6 16. Rac1 Be6 17. Qa3 Nd5 18. Bd2 Rad8 19. Nxd5 Bxd5 20. e3 Qe6 21. b3 Bc6
22. Qb4 Qf6 23. Bf1 g5 24. Be1 f4 25. Rxd8 Rxd8 26. Bc3 e5 27. Bb2 fxe3 28. fxe3
Qf3 29. Qe1 Rd3 30. Bg2 Qxe3+ 31. Qxe3 Rxe3 32. Rc2 Rd3 33. Kf2 e3+ 34. Ke2 Bb5
35. Ke1 Rd7 36. c6 0-1

[Event "World Senior Teams +65"]
[Site "Radebeul GER"]
[Date "2016.07.04"]
[Round "9.5"]
[Board "1"]
[White "Vogel, Jaap"]
[Black "Boehnisch, Manfred"]
[Result "1/2-1/2"]
[WhiteTitle "FM"]
[BlackTitle "FM"]
[WhiteElo "2126"]
[BlackElo "2302"]
[WhiteTeam "Oranje 1"]
[BlackTeam "Schachfreunde Leipzig"]
[WhiteFideId "1000764"]
[BlackFideId "4611543"]
[EventDate "2016.06.26"]

1. Nf3 d5 2. g3 c6 3. Bg2 Bf5 4. O-O Nd7 5. d3 Ngf6 6. b3 e5 7. Bb2 Qc7 8. Nbd2
Bc5 9. c4 d4 10. Ng5 O-O 11. Nge4 Nxe4 12. Nxe4 Bxe4 13. dxe4 a5 14. a3 Rfe8 15.
Qc2 Re6 16. Bc1 Rf6 17. Bg5 Rg6 18. Bd2 Qd6 19. Bh3 h6 20. b4 Ba7 21. c5 Qe7 22.
Bf5 Rf6 23. e3 b6 24. exd4 exd4 25. cxb6 Bxb6 26. Bxd7 Qxd7 27. Qd3 Re6 28. Rfe1
Qe7 29. f3 h5 30. bxa5 Bxa5 31. Bxa5 Rxa5 32. Qxd4 Rxa3 33. Rxa3 Qxa3 34. Qe3 1/2-1/2

[Event "World Senior Teams +65"]
[Site "Radebeul GER"]
[Date "2016.07.04"]
[Round "9.5"]
[Board "2"]
[White "Schubert, Thomas"]
[Black "Ghijsen, Pim"]
[Result "1/2-1/2"]
[WhiteTitle "FM"]
[WhiteElo "2362"]
[BlackElo "2174"]
[WhiteTeam "Schachfreunde Leipzig"]
[BlackTeam "Oranje 1"]
[WhiteFideId "4643038"]
[BlackFideId "1002201"]
[EventDate "2016.06.26"]

1. d4 Nf6 2. Nf3 d5 3. c4 c6 4. e3 Bf5 5. Nc3 e6 6. Nh4 Bg6 7. Qb3 Qb6 8. Nxg6
hxg6 9. g3 Nbd7 10. Bg2 Be7 11. O-O O-O 12. Rd1 Rad8 13. Bd2 Qxb3 14. axb3 a6
15. Be1 g5 16. h3 g4 17. hxg4 Nxg4 18. e4 dxe4 19. Bxe4 f5 20. Bf3 Ngf6 21. d5
exd5 22. cxd5 Ne5 23. Bg2 c5 24. d6 Rxd6 25. Rxd6 Bxd6 26. Rd1 Be7 27. Bxb7 Rb8
28. Bxa6 Kf8 29. Kg2 Rxb3 30. Na4 Rb8 31. Bc3 Ned7 32. Bc4 Nb6 33. Nxb6 Rxb6 34.
Ra1 Rb8 35. Rh1 Bd6 36. b3 f4 37. gxf4 Bxf4 38. Kf3 Bd6 39. Bxf6 gxf6 40. Rh7
Ke8 41. Ke4 Rb6 42. Kf5 Be5 43. f4 Bd4 44. Kg6 Kf8 45. Rc7 Ke8 46. f5 Kf8 47.
Bf7 Rd6 48. Be6 Rb6 49. Bd5 Ra6 50. Bc6 Ra1 51. Rf7+ Kg8 52. Rg7+ Kf8 1/2-1/2

[Event "World Senior Teams +65"]
[Site "Radebeul GER"]
[Date "2016.07.04"]
[Round "9.5"]
[Board "3"]
[White "Westerveld, Wim"]
[Black "Schoeneberg, Manfred"]
[Result "1-0"]
[BlackTitle "FM"]
[WhiteElo "2157"]
[BlackElo "2245"]
[WhiteTeam "Oranje 1"]
[BlackTeam "Schachfreunde Leipzig"]
[WhiteFideId "1001310"]
[BlackFideId "4611845"]
[EventDate "2016.06.26"]

1. b3 c5 2. Bb2 Nc6 3. e3 a6 4. g3 d5 5. Bg2 e6 6. d3 Nf6 7. Nf3 Be7 8. Nbd2 O-O
9. O-O b5 10. a3 Bb7 11. c4 Rb8 12. Qc2 dxc4 13. dxc4 b4 14. Ne5 Qc7 15. Nxc6
Bxc6 16. Ne4 Nxe4 17. Bxe4 f5 18. Bxc6 Qxc6 19. axb4 Rxb4 20. Bc3 Rb7 21. Ra3
Bf6 22. Rfa1 Rb6 23. Ra5 Bxc3 24. Qxc3 Rfb8 25. R1a3 Rd8 26. Ra1 Qe4 27. Rf1
Rbd6 28. Qa1 h5 29. h4 Qb7 30. Rxc5 Qf3 31. Rc7 Qg4 32. Qe5 Rd1 33. Qxe6+ Kh8
34. Rxd1 Qxd1+ 35. Kg2 Qxb3 36. Qe7 Rg8 37. Qg5 Qd1 38. Qxf5 1-0

[Event "World Senior Teams +65"]
[Site "Radebeul GER"]
[Date "2016.07.04"]
[Round "9.5"]
[Board "4"]
[White "Braun, Gottfried"]
[Black "Van Oosten, Arend"]
[Result "1-0"]
[WhiteTitle "FM"]
[WhiteElo "2240"]
[BlackElo "2082"]
[WhiteTeam "Schachfreunde Leipzig"]
[BlackTeam "Oranje 1"]
[WhiteFideId "4611489"]
[BlackFideId "1006053"]
[EventDate "2016.06.26"]

1. e4 e6 2. Nf3 d5 3. exd5 exd5 4. d4 Bd6 5. c4 c6 6. Nc3 Ne7 7. Bd3 dxc4 8.
Bxc4 O-O 9. O-O Bf5 10. Bg5 Nd7 11. Re1 Nb6 12. Bb3 Qc7 13. Rc1 h6 14. Nb5 Qd7
15. Nxd6 hxg5 16. Rxe7 Qxd6 17. Re5 g6 18. Nxg5 Kg7 19. Qe2 Qxd4 20. Re1 Nd5 21.
Nf3 Qf4 22. Bxd5 cxd5 23. Rxd5 Be6 24. Rd4 Qf6 25. a3 Rfd8 26. Qe3 Rxd4 27. Nxd4
Bd5 28. Qc3 Rd8 29. f3 Rd7 30. Re8 Ba2 31. Nf5+ 1-0

[Event "World Senior Teams +65"]
[Site "Radebeul GER"]
[Date "2016.07.04"]
[Round "9.6"]
[Board "1"]
[White "Rotstein, Jefim"]
[Black "Westerinen, Heikki M.J."]
[Result "1/2-1/2"]
[WhiteTitle "FM"]
[BlackTitle "GM"]
[WhiteElo "2332"]
[BlackElo "2308"]
[WhiteTeam "Germany 2"]
[BlackTeam "Finland"]
[WhiteFideId "14101033"]
[BlackFideId "500020"]
[EventDate "2016.06.26"]

1. e4 e6 2. d4 d5 3. Nd2 dxe4 4. Nxe4 Bd7 5. Nf3 Bc6 6. Bd3 Nd7 7. O-O Ngf6 8.
Ng3 Be7 9. c4 O-O 10. Qe2 Bxf3 11. Qxf3 c5 12. Be3 cxd4 13. Bxd4 Nc5 14. Bxf6
Bxf6 15. Bxh7+ Kxh7 16. Qh5+ Kg8 17. Qxc5 Bxb2 18. Rad1 Qb6 19. Qh5 Qc6 20. Qe2
Bf6 21. Nh5 e5 22. Rd3 g6 23. Nxf6+ Qxf6 24. Re3 Rac8 25. Re1 Rfe8 26. g3 Re6
27. h4 Kg7 28. Re4 b6 29. h5 g5 30. Qg4 Rd8 31. f4 exf4 32. Rxe6 fxe6 33. Rxe6
Rd1+ 34. Qxd1 Qxe6 35. gxf4 gxf4 36. Qd4+ Kh6 1/2-1/2

[Event "World Senior Teams +65"]
[Site "Radebeul GER"]
[Date "2016.07.04"]
[Round "9.6"]
[Board "2"]
[White "Hurme, Harri"]
[Black "Khanukov, Boris"]
[Result "1/2-1/2"]
[WhiteTitle "FM"]
[BlackTitle "IM"]
[WhiteElo "2194"]
[BlackElo "2323"]
[WhiteTeam "Finland"]
[BlackTeam "Germany 2"]
[WhiteFideId "500321"]
[BlackFideId "4680898"]
[EventDate "2016.06.26"]

1. d4 Nf6 2. c4 e6 3. Nc3 d5 4. cxd5 exd5 5. Bg5 c6 6. Qc2 Be7 7. e3 Nbd7 8. h3
O-O 9. Bd3 Re8 10. Nge2 Nf8 11. O-O Ng6 12. Rab1 Ne4 13. Bxe7 Qxe7 14. Bxe4 dxe4
15. Ng3 f5 16. d5 Qf7 17. dxc6 bxc6 18. Nce2 Ne5 19. Rfd1 h5 20. Nd4 h4 21. Nge2
Ba6 22. Ra1 Rab8 23. b3 g6 24. Rd2 Qf8 25. Nf4 Qf6 26. Qc5 Rb6 27. Rad1 Bd3 28.
Nxd3 Nxd3 29. Qc4+ Qf7 30. Rc2 c5 31. Qxf7+ Kxf7 32. Ne2 Re5 33. Nf4 Nb4 34.
Rcd2 g5 35. Rd7+ Re7 36. Rxe7+ Kxe7 37. Nd5+ Nxd5 38. Rxd5 Ke6 39. Rxc5 Ra6 40.
Rc2 Rd6 41. Kh2 a5 42. g3 Rd5 43. Kg2 f4 44. exf4 gxf4 45. gxf4 Kf5 46. Rc8 Kxf4
47. Rf8+ Kg5 48. Re8 Kf4 49. Rf8+ Kg5 50. Rg8+ Kf5 51. Kf1 Rd2 52. a4 Rd3 53.
Ra8 Rxb3 54. Rxa5+ Kf4 55. Rh5 Rxh3 56. Kg2 Ra3 57. Rxh4+ Kf5 58. a5 Kg5 59.
Rxe4 Rxa5 60. Kg3 Ra3+ 61. f3 Kf5 62. Rb4 Ra5 63. Rh4 Kg6 64. Kg4 Rb5 65. Rh1
Ra5 66. Rb1 Rc5 67. Rb6+ Kg7 68. f4 Ra5 69. Re6 Kf7 70. Re5 Rxe5 71. fxe5 1/2-1/2

[Event "World Senior Teams +65"]
[Site "Radebeul GER"]
[Date "2016.07.04"]
[Round "9.6"]
[Board "3"]
[White "Salov, Sergej"]
[Black "Vinke, Dietmar"]
[Result "1/2-1/2"]
[WhiteTitle "IM"]
[BlackTitle "FM"]
[WhiteElo "2198"]
[BlackElo "2134"]
[WhiteTeam "Germany 2"]
[BlackTeam "Finland"]
[WhiteFideId "4107926"]
[BlackFideId "1703196"]
[EventDate "2016.06.26"]

1. e4 c6 2. d4 d5 3. Nc3 g6 4. h3 Bg7 5. Nf3 Nh6 6. Bd3 O-O 7. O-O f6 8. Re1 Nf7
9. Bf1 b6 10. a4 e6 11. exd5 exd5 12. b3 Na6 13. Ba3 Re8 14. Rxe8+ Qxe8 15. Qe1
Bb7 16. Bxa6 Bxa6 17. a5 Qd7 18. axb6 axb6 19. Na4 Qb7 20. Qe7 Qxe7 21. Bxe7 Be2
22. Re1 1/2-1/2

[Event "World Senior Teams +65"]
[Site "Radebeul GER"]
[Date "2016.07.04"]
[Round "9.6"]
[Board "4"]
[White "Morant, Paul"]
[Black "Gruzmann, Boris"]
[Result "0-1"]
[BlackTitle "FM"]
[WhiteElo "2091"]
[BlackElo "2202"]
[WhiteTeam "Finland"]
[BlackTeam "Germany 2"]
[WhiteFideId "503517"]
[BlackFideId "4105290"]
[EventDate "2016.06.26"]

1. e4 c5 2. Nf3 d6 3. d4 cxd4 4. Nxd4 Nf6 5. Nc3 a6 6. h3 e6 7. Bd3 Be7 8. Be3
d5 9. e5 Nfd7 10. Bf4 Nc6 11. Nxc6 bxc6 12. Qg4 Kf8 13. O-O Rb8 14. Rab1 Nc5 15.
Rfd1 h5 16. Qf3 Nxd3 17. Rxd3 Qa5 18. Qd1 c5 19. a3 Bb7 20. Bd2 Qc7 21. f4 d4
22. Ne2 Be4 23. Ng3 Bxd3 24. cxd3 g6 25. Ne4 Qc6 26. Qc2 Qb5 27. b3 Kg7 28. a4
Qb6 29. Bc1 Qb4 30. Bd2 Qb7 31. Ba5 Rhc8 32. Nd2 Bd8 33. Bxd8 Rxd8 34. Qxc5 Rbc8
35. Qa3 Rc3 36. Ne4 Rxd3 37. Nc5 Qc6 38. Nxd3 Qc2 39. Rf1 Qxd3 40. Qe7 Rd5 41.
Qf6+ Kg8 42. Rf3 Qe4 43. Qh4 d3 44. Rf1 d2 45. Rd1 Qe2 0-1

[Event "World Senior Teams +65"]
[Site "Radebeul GER"]
[Date "2016.07.04"]
[Round "9.7"]
[Board "1"]
[White "Rosen, Willy"]
[Black "Vucenovic, Dragomir"]
[Result "1-0"]
[WhiteTitle "FM"]
[BlackTitle "FM"]
[WhiteElo "2266"]
[BlackElo "2264"]
[WhiteTeam "Sportfreunde Katernberg"]
[BlackTeam "Switzerland"]
[WhiteFideId "4605535"]
[BlackFideId "1300393"]
[EventDate "2016.06.26"]

1. e4 e5 2. Nf3 Nc6 3. Nc3 Nf6 4. d4 exd4 5. Nxd4 d6 6. Be2 Be7 7. Be3 Bd7 8. f4
O-O 9. O-O Nxd4 10. Bxd4 Bc6 11. Bf3 Nd7 12. Re1 Re8 13. e5 dxe5 14. fxe5 Nc5
15. Bxc6 bxc6 16. Bf2 Qb8 17. b3 Qc8 18. Qf3 Qe6 19. Ne2 Qd5 20. Nd4 Bf8 21.
Nxc6 Qxf3 22. gxf3 Re6 23. Nd4 Rg6+ 24. Kf1 Rh6 25. Bg3 a5 26. a4 Na6 27. Rad1
Bc5 28. Nb5 Bb6 29. Re2 Re6 30. f4 Ree8 31. Bf2 Bxf2 32. Kxf2 f6 33. exf6 Rxe2+
34. Kxe2 Rf8 35. Ke3 Rxf6 36. Rd8+ Rf8 37. Rxf8+ Kxf8 38. Na3 Ke7 39. Nc4 Nb4
40. Nxa5 Nxc2+ 41. Ke4 Kd6 42. Nb7+ Kc6 43. Nd8+ Kd7 44. Nf7 Nb4 45. Ne5+ Kd6
46. Nd3 Nd5 47. Kd4 c6 48. a5 Nc7 49. b4 g6 50. Nc5 Nb5+ 51. Kc4 Na3+ 52. Kb3
Nb5 53. Ne4+ Ke6 54. Kc4 Kf5 55. Ng3+ Kxf4 56. Kc5 1-0

[Event "World Senior Teams +65"]
[Site "Radebeul GER"]
[Date "2016.07.04"]
[Round "9.7"]
[Board "2"]
[White "Hohler, Peter"]
[Black "Krueger, Erich"]
[Result "0-1"]
[WhiteTitle "FM"]
[WhiteElo "2159"]
[BlackElo "2198"]
[WhiteTeam "Switzerland"]
[BlackTeam "Sportfreunde Katernberg"]
[WhiteFideId "1300296"]
[BlackFideId "4624718"]
[EventDate "2016.06.26"]

1. d4 Nf6 2. c4 g6 3. Nc3 Bg7 4. e4 d6 5. f3 O-O 6. Be3 Nc6 7. Nge2 a6 8. Qd2
Rb8 9. Rc1 Bd7 10. b3 e5 11. d5 Ne7 12. Ng3 Ne8 13. Be2 f5 14. f4 Nf6 15. O-O b5
16. a3 bxc4 17. bxc4 Rb3 18. Bd1 Rxa3 19. Qb2 Rxc3 20. Qxc3 exf4 21. Bxf4 Nfxd5
22. Qd2 Nxf4 23. Qxf4 Bd4+ 24. Kh1 Be5 25. Qg5 fxe4 26. Bc2 Bxg3 27. Rxf8+ Qxf8
28. Qxg3 Qh6 29. Re1 Nf5 30. Qb3 Qd2 31. Rd1 Qe2 32. Qb8+ Kg7 33. Qxc7 Qxc2 34.
Qxd7+ Kh6 35. Rg1 e3 36. Qe6 Qf2 37. Qe4 e2 38. Qb1 Qe3 39. Qc1 Qxc1 40. Rxc1
Nd4 41. Re1 Kg5 42. Kg1 Kf4 43. Kf2 Ke4 44. Ra1 Kd3 45. Rxa6 Kd2 46. Ra2+ Nc2 0-1

[Event "World Senior Teams +65"]
[Site "Radebeul GER"]
[Date "2016.07.04"]
[Round "9.7"]
[Board "3"]
[White "Mueller-Clostermann, Bruno"]
[Black "Issler, Christian"]
[Result "1-0"]
[WhiteElo "2184"]
[BlackElo "2078"]
[WhiteTeam "Sportfreunde Katernberg"]
[BlackTeam "Switzerland"]
[WhiteFideId "12932280"]
[BlackFideId "1306456"]
[EventDate "2016.06.26"]

1. d4 Nf6 2. c4 e5 3. dxe5 Ng4 4. Nf3 Bc5 5. e3 Nc6 6. Nc3 O-O 7. Be2 Re8 8. O-O
Ngxe5 9. b3 Nxf3+ 10. Bxf3 Bf8 11. Bb2 d6 12. Qd2 Bf5 13. Rad1 Qc8 14. e4 Bg4
15. Bxg4 Qxg4 16. f3 Qh5 17. Nd5 Rac8 18. Qf2 b6 19. g4 Qg5 20. h4 Qd8 21. Qg3
Ne5 22. g5 c6 23. Ne3 Qc7 24. Kg2 Rcd8 25. h5 Nd7 26. Rh1 Re6 27. Nf5 Ne5 28. f4
Nd7 29. Nh6+ Rxh6 30. gxh6 g6 31. Qc3 f6 32. hxg6 hxg6 33. h7+ Kh8 34. Qg3 Bg7
35. Qxg6 Nf8 36. Qf5 Qe7 37. Rhe1 Nd7 38. b4 Nf8 39. a3 Nd7 40. Bc3 Nf8 41. e5
dxe5 42. Rxd8 Qxd8 43. fxe5 fxe5 44. Bxe5 1-0